El milagro del perdón / (Registro nro. 3530)

Detalles MARC
000 -LEADER
fixed length control field 00826nam a2200217Ia 4500
003 - CONTROL NUMBER IDENTIFIER
control field OSt
005 - DATE AND TIME OF LATEST TRANSACTION
control field 20200407143828.0
008 - FIXED-LENGTH DATA ELEMENTS--GENERAL INFORMATION
fixed length control field 191128s99991969utu gr 000 0 spa d
040 ## - CATALOGING SOURCE
Original cataloging agency CO-JMCR
Transcribing agency CO-JMCR
041 0# - LANGUAGE CODE
Language code of text/sound track or separate title spa
082 04 - DEWEY DECIMAL CLASSIFICATION NUMBER
Classification number 265.62 /
Item number K495
100 1# - MAIN ENTRY--PERSONAL NAME
Personal name Kimball, Spencer W.
Relator term autor
9 (RLIN) 2694
245 13 - TITLE STATEMENT
Title El milagro del perdón /
Statement of responsibility, etc. Spencer W. Kimball
260 ## - PUBLICATION, DISTRIBUTION, ETC.
Place of publication, distribution, etc. Salt Lake City :
Name of publisher, distributor, etc. La iglesia de Jesucristo de los Santos de los Ultimos Días,
Date of publication, distribution, etc. 1969
300 ## - PHYSICAL DESCRIPTION
Extent 384 páginas ;
Dimensions 23 cm.
500 ## - GENERAL NOTE
General note Incluye índice (páginas 377-384).
505 ## - FORMATTED CONTENTS NOTE
Formatted contents note Esta vida es el tiempo -- Ninguna cosa impura puede entrar -- No hay justo, ni aun uno -- Estas cosas aborrece a Jehová -- Sólo el pecado de hómicidio es peor
650 14 - SUBJECT ADDED ENTRY--TOPICAL TERM
Topical term or geographic name entry element Milagros
General subdivision Religión
9 (RLIN) 2695
650 24 - SUBJECT ADDED ENTRY--TOPICAL TERM
Topical term or geographic name entry element Perdón
General subdivision Religión
9 (RLIN) 2696
942 ## - ADDED ENTRY ELEMENTS (KOHA)
Source of classification or shelving scheme Dewey Decimal Classification
Koha item type Books
Existencias
Withdrawn status Lost status Source of classification or shelving scheme Materials specified (bound volume or other part) Damaged status Not for loan Home library Current library Shelving location Date acquired Source of acquisition Cost, normal purchase price Total Checkouts Full call number Barcode Date last seen Date last checked out Copy number Price effective from Koha item type Public note
    Dewey Decimal Classification Donacón -- 16/07/2018 --     Biblioteca Pública José María del Castillo y Rada Biblioteca Pública José María del Castillo y Rada General Stacks 11/28/2019 Donación 0.00 2 265.62 / K495 201807392 02/06/2025 02/05/2025 Ej.1 11/28/2019 Books Exlibris : algunas páginas rayadas con resaltador